Interfaces neuronales, inteligencia artificial, tecnologías disruptivas y teoría del delito. Los problemas de los delitos de omisión / (Registro nro. 5563)
[ vista simple ]
| 000 -LEADER | |
|---|---|
| fixed length control field | 01472nab a22002417a 4500 |
| 003 - CONTROL NUMBER IDENTIFIER | |
| control field | OSt |
| 005 - DATE AND TIME OF LATEST TRANSACTION | |
| control field | 20251218094419.0 |
| 008 - FIXED-LENGTH DATA ELEMENTS--GENERAL INFORMATION | |
| fixed length control field | 190429b xxu||||| |||| 00| 0 spa d |
| 040 ## - CATALOGING SOURCE | |
| Transcribing agency | PJ |
| 100 ## - MAIN ENTRY--PERSONAL NAME | |
| 9 (RLIN) | 6541 |
| Personal name | Saldaño, Darío |
| 245 10 - TITLE STATEMENT | |
| Title | Interfaces neuronales, inteligencia artificial, tecnologías disruptivas y teoría del delito. Los problemas de los delitos de omisión / |
| Statement of responsibility, etc | Darío Saldaño. |
| 260 ## - PUBLICATION, DISTRIBUTION, ETC. (IMPRINT) | |
| Date of publication, distribution, etc | Ciudad Autónoma de Buenos Aires : |
| Place of publication, distribution, etc | Thomson Reuters La Ley, |
| Name of publisher, distributor, etc | 2025. |
| 300 ## - PHYSICAL DESCRIPTION | |
| Extent | p. 171-193 |
| 500 ## - GENERAL NOTE | |
| General note | Cita: TR LALEY AR/DOC/404/2025. |
| 505 ## - FORMATTED CONTENTS NOTE | |
| Formatted contents note | Sumario: I. Introducción.— II. Inteligencia artificial y responsabilidad penal.— III. Redes neuronales.— IV. Interfaces neuronales.— V. Acción y omisión.— VI. Fundamentos de los delitos de omisión.— VII. Introducción a los delitos de omisión impropia.— VIII. Cuestiones relevantes de los delitos de omisión.— IX. Definiciones en la doctrina.— X. Algunas cuestiones problemáticas en delitos de omisión y tecnología.— XI. Conclusiones.<br/> |
| 505 ## - FORMATTED CONTENTS NOTE | |
| Title | Si te interesa el texto completo, solicitalo a koha@justierradelfuego.gov.ar |
| 650 #0 - SUBJECT ADDED ENTRY--TOPICAL TERM | |
| 9 (RLIN) | 343 |
| Topical term or geographic name as entry element | DERECHO PENAL |
| 650 #0 - SUBJECT ADDED ENTRY--TOPICAL TERM | |
| 9 (RLIN) | 6081 |
| Topical term or geographic name as entry element | CIENCIA Y TECNOLOGÍA |
| 650 #0 - SUBJECT ADDED ENTRY--TOPICAL TERM | |
| 9 (RLIN) | 2217 |
| Topical term or geographic name as entry element | DELITO DE OMISIÓN |
| 650 #0 - SUBJECT ADDED ENTRY--TOPICAL TERM | |
| 9 (RLIN) | 5817 |
| Topical term or geographic name as entry element | INTELIGENCIA ARTIFICIAL |
| 773 0# - HOST ITEM ENTRY | |
| Host Biblionumber | 2658 |
| Host Itemnumber | 3164 |
| Title | Revista de derecho penal y criminología. Nº 3 - Abril 2025 |
| Place, publisher, and date of publication | Ciudad Autónoma de Buenos Aires : Thomson Reuters La Ley, 2017- |
| International Standard Serial Number | 00347914 |
| 942 ## - ADDED ENTRY ELEMENTS (KOHA) | |
| Source of classification or shelving scheme | |
| Koha item type | Analítica Artículo de Revista |
No hay ítems disponibles.
